Beschäftigung und soziale Sicherung

Guardado en:
Detalles Bibliográficos
Autor principal: Eekhoff, Johann
Formato: Libro
Lenguaje:alemán
Publicado: Tübingen Mohr 1996
Edición:1. Aufl.
Materias:
Etiquetas: Agregar Etiqueta
Sin Etiquetas, Sea el primero en etiquetar este registro!

MARC

LEADER 00000nam a2200000 4500
001 c017745
005 20221205125004.0
020 |a 3-16-146529-6 
041 0 |a ger 
044 |a DE 
245 1 0 |a Beschäftigung und soziale Sicherung  |c Johann Eekhoff 
250 |a 1. Aufl. 
264 1 |a Tübingen  |b Mohr  |c 1996 
300 |a 240 s. 
610 2 0 |a zamestnanosť 
610 2 0 |a zabezpečenie sociálne 
610 2 0 |a nezamestnanosť 
610 2 0 |a štát 
610 2 0 |a čas pracovný 
610 2 0 |a pomoc sociálna 
610 2 0 |a potreby sociálne 
610 2 0 |a potreby spoločenské 
100 1 |a Eekhoff, Johann